000 00448nam a2200181Ia 4500
005 20231122095449.0
008 131103s9999 xx 000 0 und d
040 _aLoreto College
041 _aEnglish
082 _aF
_bWAL
100 _aWallace,Edgar
245 4 _aThe council of Justice
_cEdgar Wallace
260 _aNew York
_bBallantine Books
_c1939
300 _a197 p.
650 _aFiction in English
850 _aLCLIB
942 _cBK
999 _c14281
_d64760